Top 10 New Year's Resolutions - Statistics

General Stats
  • This quiz has been taken 52 times
  • The average score is 3 of 10
Answer Stats
Hint Answer % Correct
2 Lose weight
83%
1 Exercise more
61%
7 Quit smoking
54%
6 Save more money/spend less money
35%
10 Read more
30%
9 Travel more
17%
8 Spend more time with family and friends
15%
4 Learn a new skill/learn a new hobby
11%
3 Get organized
4%
5 Live life to the fullest
2%
No matching quizzes found
Score Distribution
Percent of People with Each Score
Percentile by Number Answered
Your Score History
You have not taken this quiz